000 00499nam a2200181Ia 4500
999 _c7195
_d7195
003 OSt
005 20200128122030.0
008 190216s9999||||xx |||||||||||||| ||und||
020 _a9788125916840
040 _coclc
082 _a346.07
_bKUC/B
100 _aKuchhal, M C
_91570
245 0 _aBusiness Law /
_cM C Kuchhal
250 _a4th ed.
260 _bVikas Publishing House,
_c2005.
_aNew Delhi:
300 _a456p
942 _cBK
_2ddc
_h346.07
_iKUC/B
_k346.07
_mKUC/B